A social and economic atlas of India

Αποθηκεύτηκε σε:
Λεπτομέρειες βιβλιογραφικής εγγραφής
Μορφή: Βιβλίο
Γλώσσα:English
Δημοσίευση: Oxford : Oxford University, 1987
Θέματα:
Ετικέτες: Προσθήκη ετικέτας
Δεν υπάρχουν, Καταχωρήστε ετικέτα πρώτοι!

MARC

LEADER 00000nam a2200000 i 4500
001 1/8259
008 961010s1987 eng d
020 |a 019-562041-0 
035 |l 10017028 
040 |a GR-MY-UA  |b gre  |e aacr 
041 0 |a eng 
082 0 |a 912.054 
245 1 2 |a A social and economic atlas of India 
260 |a Oxford :   |b Oxford University,   |c 1987 
300 |a 254 p.  |b maps 
651 0 |a India  |x Economic conditions  |x Maps. 
651 0 |a India  |x Social conditions  |x Maps. 
852 |a INST  |b LESVOS  |e 19961010  |h 912.054 SOC  |p 005100006337  |q 005100006337  |t BK  |y 0 
909 |a Λ  |b 035055